Nommez un département frontalier - Aléatoire - Statistiques

Statistiques générales
  • Ce quiz a été pris 23 fois
  • Le résultat moyen est 16 sur 16
Statistiques - réponses
Département Départements frontaliers % Correct
Savoie Ain/Haute-Savoie/Isère/Hautes-Alpes
100%
Haute-Savoie Ain/Savoie
100%
Isère Ain/Savoie/Hautes-Alpes/Drôme/Ardèche/Loire/Rhône
100%
Ardennes Aisne/Marne/Meuse
100%
Somme Aisne/Oise/Nord/Pas-de-Calais/Seine-Maritime
100%
Puy-de-Dôme Allier/Loire/Haute-Loire/Cantal/Creuse/Corrèze
100%
Vaucluse Ardèche/Drôme/Alpes-de-Haute-Provence/Var/Bouches-du-Rhône/Gard
100%
Meuse Ardennes/Marne/Haute-Marne/Vosges/Meurthe-et-Moselle
100%
Marne Ardennes/Meuse/Haute-Marne/Aube/Seine-et-Marne/Aisne
100%
Yonne Aube/Côte-d'Or/Nièvre/Loiret/Seine-et-Marne
100%
Côte-d'Or Aube/Haute-Marne/Haute-Saône/Jura/Saône-et-Loire/Nièvre/Yonne
100%
Pyrénées-Orientales Aude/Ariège
100%
Hérault Aude/Tarn/Aveyron/Gard
100%
Moselle Bas-Rhin/Meurthe-et-Moselle
100%
Haut-Rhin Bas-Rhin/Vosges/Territoire de Belfort
100%
Var Bouches-du-Rhône/Vaucluse/Alpes-de-Haute-Provence/Alpes-Maritimes
100%
Orne Calvados/Manche/Eure/Eure-et-Loir/Sarthe/Mayenne
100%
Manche Calvados/Orne/Mayenne/Ille-et-Vilaine
100%
Dordogne Charente-Maritime/Charente/Haute-Vienne/Corrèze/Lot/Lot-et-Garonne/Gironde
100%
Charente Charente-Maritime/Deux-Sèvres/Vienne/Haute-Vienne/Dordogne
100%
Gironde Charente-Maritime/Dordogne/Lot-et-Garonne/Landes
100%
Creuse Cher/Allier/Puy-de-Dôme/Corrèze/Haute-Vienne/Indre
100%
Allier Cher/Nièvre/Saône-et-Loire/Loire/Puy-de-Dôme/Creuse
100%
Lot Corrèze/Cantal/Aveyron/Tarn-et-Garonne/Lot-et-Garonne/Dordogne
100%
Haute-Corse Corse-du-Sud
100%
Saône-et-Loire Côte-d'Or/Jura/Ain/Rhône/Loire/Allier/Nièvre
100%
Morbihan Côtes-d'Armor/Finistère/Ille-et-Vilaine/Loire-Atlantique
100%
Finistère Côtes-d'Armor/Morbihan
100%
Ille-et-Vilaine Côtes-d'Armor/Morbihan/Loire-Atlantique/Manche/Mayenne/Maine-et-Loire
100%
Lot-et-Garonne Dordogne/Lot/Tarn-et-Garonne/Gers/Landes/Gironde
100%
Hauts-de-Seine Essonne/Yvelines/Val-d'Oise/Seine-Saint-Denis/Paris/Val-de-Marne
100%
Loir-et-Cher Eure-et-Loir/Loiret/Cher/Indre/Indre-et-Loire/Sarthe
100%
Val-d'Oise Eure/Oise/Seine-et-Marne/Hauts-de-Seine/Yvelines/Seine-Saint-Denis
100%
Yvelines Eure/Val-d'Oise/Hauts-de-Seine/Essonne/Eure-et-Loir
100%
Eure-et-Loir Eure/Yvelines/Essonne/Loiret/Loir-et-Cher/Sarthe/Orne
100%
Bouches-du-Rhône Gard/Vaucluse/Var
100%
Landes Gironde/Lot-et-Garonne/Gers/Pyrénées-Atlantiques
100%
Corse-du-Sud Haute-Corse
100%
Ariège Haute-Garonne/Aude/Pyrénées-Orientales
100%
Lozère Haute-Loire/Ardèche/Gard/Aveyron/Cantal
100%
Alpes-de-Haute-Provence Hautes-Alpes/Drôme/Vaucluse/Var/Alpes-Maritimes
100%
Jura Haute-Saône/Doubs/Ain/Saône-et-Loire/Côte-d'Or
100%
Haute-Garonne Hautes-Pyrénées/Gers/Tarn-et-Garonne/Tarn/Aude/Ariège
100%
Paris Hauts-de-Seine/Seine-Saint-Denis/Val-de-Marne
100%
Gard Hérault/Aveyron/Lozère/Ardèche/Vaucluse/Bouches-du-Rhône
100%
Drôme Isère/Hautes-Alpes/Alpes-de-Haute-Provence/Vaucluse/Ardèche
100%
Doubs Jura/Haute-Saône/Territoire de Belfort
100%
Ain Jura/Saône-et-Loire/Rhône/Isère/Savoie/Haute-Savoie
100%
Pyrénées-Atlantiques Landes/Gers/Hautes-Pyrénées
100%
Vendée Loire-Atlantique/Maine-et-Loire/Deux-Sèvres/Charente-Maritime
100%
Ardèche Loire/Isère/Drôme/Vaucluse/Gard/Lozère/Haute-Loire
100%
Indre Loir-et-Cher/Cher/Creuse/Haute-Vienne/Vienne/Indre-et-Loire
100%
Cher Loiret/Yonne/Allier/Creuse/Indre/Loir-et-Cher
100%
Tarn-et-Garonne Lot/Aveyron/Tarn/Haute-Garonne/Gers/Lot-et-Garonne
100%
Vienne Maine-et-Loire/Indre-et-Loire/Indre/Haute-Vienne/Charente/Deux-Sèvres
100%
Calvados Manche/Orne/Eure
100%
Mayenne Manche/Orne/Sarthe/Maine-et-Loire/Ille-et-Vilaine
100%
Aube Marne/Haute-Marne/Côte-d'Or/Yonne/Seine-et-Marne
100%
Haute-Marne Marne/Meuse/Vosges/Haute-Saône/Côte-d'Or/Aube
100%
Meurthe-et-Moselle Meuse/Bas-Rhin/Moselle/Vosges
100%
Côtes-d'Armor Morbihan/Finistère/Ille-et-Vilaine
100%
Loire-Atlantique Morbihan/Ille-et-Vilaine/Maine-et-Loire/Vendée
100%
Bas-Rhin Moselle/Meurthe-et-Moselle/Vosges/Haut-Rhin
100%
Aisne Nord/Somme/Oise/Seine-et-Marne/Marne/Ardennes
100%
Seine-et-Marne Oise/Aisne/Marne/Aube/Yonne/Loiret/Essonne/Val-de-Marne/Seine-Saint-Denis/Val-d'Oise
100%
Sarthe Orne/Eure-et-Loir/Loir-et-Cher/Indre-et-Loire/Maine-et-Loire/Mayenne
100%
Val-de-Marne Paris/Seine-et-Marne/Hauts-de-Seine/Essonne/Seine-Saint-Denis
100%
Nord Pas-de-Calais/Somme/Aisne
100%
Cantal Puy-de-Dôme/Haute-Loire/Lozère/Aveyron/Lot/Corrèze
100%
Haute-Loire Puy-de-Dôme/Loire/Ardèche/Lozère/Cantal
100%
Hautes-Pyrénées Pyrénées-Atlantiques/Gers/Haute-Garonne
100%
Gers Pyrénées-Atlantiques/Landes/Lot-et-Garonne/Tarn-et-Garonne/Haute-Garonne/Hautes-Pyrénées
100%
Aude Pyrénées-Orientales/Ariège/Haute-Garonne/Tarn/Hérault
100%
Rhône Saône-et-Loire/Ain/Isère/Loire
100%
Loire Saône-et-Loire/Rhône/Isère/Ardèche/Haute-Loire/Puy-de-Dôme/Allier
100%
Indre-et-Loire Sarthe/Loir-et-Cher/Indre/Vienne/Maine-et-Loire
100%
Hautes-Alpes Savoie/Isère/Drôme/Alpes-de-Haute-Provence
100%
Loiret Seine-et-Marne/Essonne/Yonne/Nièvre/Cher/Loir-et-Cher/Eure-et-Loir
100%
Eure Seine-Maritime/Oise/Val-d'Oise/Yvelines/Eure-et-Loir/Orne/Calvados
100%
Oise Somme/Aisne/Seine-et-Marne/Val-d'Oise/Eure/Seine-Maritime
100%
Pas-de-Calais Somme/Nord
100%
Tarn Tarn-et-Garonne/Aveyron/Hérault/Aude/Haute-Garonne
100%
Haute-Saône Territoire de Belfort/Doubs/Jura/Côte-d'Or/Haute-Marne/Vosges
100%
Seine-Saint-Denis Val-d'Oise/Seine-et-Marne/Hauts-de-Seine/Paris/Val-de-Marne
100%
Alpes-Maritimes Var/Alpes-de-Haute-Provence
100%
Charente-Maritime Vendée/Deux-Sèvres/Charente/Dordogne/Gironde
100%
Deux-Sèvres Vendée/Maine-et-Loire/Vienne/Charente/Charente-Maritime
100%
Haute-Vienne Vienne/Indre/Creuse/Corrèze/Dordogne/Charente
100%
Territoire de Belfort Vosges/Haut-Rhin/Haute-Saône/Jura
100%
Essonne Yvelines/Hauts-de-Seine/Val-de-Marne/Seine-et-Marne/Loir-et-Cher/Eure-et-Loir
100%
Maine-et-Loire Ille-et-Vilaine/Mayenne/Sarthe/Indre-et-Loire/Vienne/Deux-Sèvres/Vendée/Loire-Atlantique
86%
Nièvre Yonne/Côte-d'Or/Saône-et-Loire/Allier/Cher/Loiret
80%
Corrèze Creuse/Puy-de-Dôme/Cantal/Lot/Dordogne/Haute-Vienne
75%
Aveyron Lot/Cantal/Lozère/Gard/Hérault/Tarn/Tarn-et-Garonne
67%
Seine-Maritime Somme/Oise/Eure
67%
Vosges Meuse/Meurthe-et-Moselle/Bas-Rhin/Haut-Rhin/Territoire de Belfort/Haute-Saône/Haute-Marne
0%
Aucun quiz correspondant
Distribution des résultats
% des personnes avec chaque résultat
Percentile par nombre de réponses
Votre historique - résultats
Vous n’avez pas pris ce quiz